MANUAL OF PEDIATRIC DENTISTRY (Record no. 9818)
[ view plain ]
| 000 -LEADER | |
|---|---|
| fixed length control field | 00337nam a22001457a 4500 |
| 020 ## - INTERNATIONAL STANDARD BOOK NUMBER | |
| International Standard Book Number | 978-93-5090-975-1 |
| 082 ## - DEWEY DECIMAL CLASSIFICATION NUMBER | |
| Classification number | 617.645,M14P |
| 100 ## - MAIN ENTRY--PERSONAL NAME | |
| Personal name | PREMKUMAR,SRIDHAR |
| 245 ## - TITLE STATEMENT | |
| Title | MANUAL OF PEDIATRIC DENTISTRY |
| 250 ## - EDITION STATEMENT | |
| Edition statement | 1ST |
| 260 ## - PUBLICATION, DISTRIBUTION, ETC. (IMPRINT) | |
| Place of publication, distribution, etc | NEW DELHI |
| Name of publisher, distributor, etc | JAYPEE BROTHERS |
| Year of Publication | 2014 |
| 300 ## - PAGE DESCRIPTION | |
| No. of Pages | 889 |
| 650 ## - SUBJECT ADDED ENTRY--TOPICAL TERM | |
| Topical term or geographic name as entry element | PEDODONTICS |
| 942 ## - ADDED ENTRY ELEMENTS (KOHA) | |
| Source of classification or shelving scheme | Dewey Decimal Classification |
| Koha item type | Books |
| Withdrawn status | Lost status | Source of classification or shelving scheme | Damaged status | Not for loan | Home library | Current library | Shelving location | Date acquired | Vendor Name | Cost, normal purchase price | SGTU | Bill Number | Total Checkouts | Full call number | Accession No. (Barcode) | Date last seen | Date last borrowed | Bill Date | Koha item type |
|---|---|---|---|---|---|---|---|---|---|---|---|---|---|---|---|---|---|---|---|
| Dewey Decimal Classification | SGT Dental Library | SGT Dental Library | Text Book | 19/08/2016 | ABC | 795.00 | SGTU | 6923 | 4 | 617.645,M14P | FD7369 | 16/01/2021 | 26/12/2020 | Books | |||||
| Dewey Decimal Classification | SGT Dental Library | SGT Dental Library | Text Book | 19/08/2016 | ABC | 795.00 | SGTU | 6923 | 4 | 617.645,M14P | FD7370 | 09/04/2019 | 26/03/2019 | Books | |||||
| Dewey Decimal Classification | SGT Dental Library | SGT Dental Library | Text Book | 19/08/2016 | ABC | 795.00 | SGTU | 6923 | 617.645,M14P | FD7371 | 25/06/2018 | Books | |||||||
| Dewey Decimal Classification | SGT Dental Library | SGT Dental Library | Text Book | 19/08/2016 | ABC | 795.00 | SGTU | 6923 | 8 | 617.645,M14P | FD7372 | 14/07/2020 | 11/07/2020 | Books |